UBT Library

SKILLS FOR NEW MANAGERS (Record no. 60051)

000 -LEADER
fixed length control field 00316nam a22001457a 4500
008 - FIXED-LENGTH DATA ELEMENTS--GENERAL INFORMATION
fixed length control field 230627b ||||| |||| 00| 0 eng d
020 ## - INTERNATIONAL STANDARD BOOK NUMBER
International Standard Book Number 9780071356183
041 ## - LANGUAGE CODE
Language code of text/sound track or separate title eng
080 ## - UNIVERSAL DECIMAL CLASSIFICATION NUMBER
Universal Decimal Classification number 338
082 ## - DEWEY DECIMAL CLASSIFICATION NUMBER
Classification number 338STE
100 ## - Rafti
Rafti 23
101 ## - Shkurtesa
Shkurtesa MBE
245 ## - TITLE STATEMENT
Title SKILLS FOR NEW MANAGERS
Statement of responsibility, etc STETTNER.M
942 ## - ADDED ENTRY ELEMENTS (KOHA)
Source of classification or shelving scheme
Item type Books
Holdings
Withdrawn status Lost status Source of classification or shelving scheme Damaged status Not for loan Collection code Permanent location Current location Date acquired Total Checkouts Full call number Barcode Date last seen Price effective from Koha item type
          Koleksioni i përgjithshem UBT - Lipjan UBT - Lipjan 06/27/2023   338STE 002-800080690 06/27/2023 06/27/2023 Books
UBT Library © 2015-2024. All rights reserved University Education for Business and Technology